00900nam a2200217 a 450000100100000000500170001000800410002704000250006811000290009324000270012224501500014926000320029930000560033150000220038765000300040965000280043965000290046771000630049695201060055999900170066500003457820200930073758.0111010s1585 fr a 000 0 lat d aDO-SdBNPbspacBNPHU2 aIglesia Católica9424110aDecretales Gregorio IX10aDecretales D. Gregorii Papae IX :bsvae integritati vna cvm glossis restitvtae ; cum priuilegio Gregorii XIII. Pont. Max. [et] aliorum Principum. aParisiis :b[s.n.] ,c1585. a[28] p., 1966 columnas, 42, [2] p. :bil. ;c35 cm. aIncluye índice.24aDerecho canónigo96001124aDecretos papales96001224aIglesia católica913072 aIglesia Católica.bPapa (1227-1241 : Gregorio IX)960013 0010507-18MOaGRbGRcOId2011-10-10iLF1l0o p34578-10r2020-06-25w2020-06-25y1ZNo se presta c34069d34069